日本にある世界ジオパーク - Statistics

General Stats
  • This quiz has been taken 7 times
  • The average score is 3 of 10
Answer Stats
Hint Answer % Correct
高知県 室戸
83%
新潟県 糸魚川
67%
兵庫県/京都府 山陰海岸
50%
北海道 アポイ岳
33%
島根県 隠岐
33%
熊本県 阿蘇
33%
北海道 洞爺湖有珠山
17%
石川県 白山手取川
17%
静岡県 伊豆半島
0%
長崎県 島原半島
0%
No matching quizzes found
Score Distribution
Percent of People with Each Score
Percentile by Number Answered
Your Score History
You have not taken this quiz